Normal view MARC view
  • Sheldon, S

Entry Personal Name

Number of records used in: 3

001 - CONTROL NUMBER

  • control field: 3171

003 - CONTROL NUMBER IDENTIFIER

  • control field: NUST

005 - DATE AND TIME OF LATEST TRANSACTION

  • control field: 20170707101603.0

008 - FIXED-LENGTH DATA ELEMENTS

  • fixed length control field: 170707|| aca||aabn | a|a d

040 ## - CATALOGING SOURCE

  • Original cataloging agency: NUST
  • Transcribing agency: NUST

100 ## - HEADING--PERSONAL NAME

  • Personal name: Sheldon, S

670 ## - SOURCE DATA FOUND

  • Source citation: Work cat.: (NUST)244641: Sheldon, S, If Tomorrow Comes
© 2023 Central Library, National University of Sciences and Technology. All Rights Reserved.